| 000 | 00000nas 2200000za 4500 |
| 001 | 9.838182 |
| 003 | CaOODSP |
| 005 | 20221107151323 |
| 007 | cr ||||||||||| |
| 008 | 170613d18681879qucar p os f0###a0eng|d |
| 022 | |y0383-8374 |
| 040 | |aCaOODSP|beng |
| 043 | |an-cn--- |
| 086 | 1 |aCS11-202E-PDF |
| 245 | 04|aThe year book and almanac of Canada for ... |h[electronic resource]. |
| 260 | |aMontreal : |bJohn Lowe, |c[1867-1880?] |
| 310 | |aAnnual |
| 362 | 0 |a1868-1879. |
| 500 | |aDigitized edition from print [produced by Statistics Canada]. |
| 500 | |a"Being an annual statistical abstract for the Dominion, and a record of legislation and of public men in British North America." |
| 520 | |aCharts key trends and indicators in the nation's economy, population, society and environment. |
| 692 | 07|2gccst|aStatistics |
| 692 | 07|2gccst|aAlmanacs |
| 710 | 1 |aCanada. |
| 780 | 00|tYear-book and almanac of British North America for ... |w(CaOODSP)9.838179 |
| 785 | 00|tStatistical abstract and record |w(CaOODSP)9.838184 |